KOHA-Header-6

Urdu dab Ki Mukhtaser Tarikh (Record no. 7665)

000 -LEADER
fixed length control field 00253nam a2200109Ia 4500
100 ## - MAIN ENTRY--AUTHOR NAME
Personal name Anwer Saeed
245 #0 - TITLE STATEMENT
Title Urdu dab Ki Mukhtaser Tarikh
260 ## - PUBLICATION, DISTRIBUTION, ETC. (IMPRINT)
Place of publication Lahore
Name of publisher A.H.
Year of publication 1998
300 ## - PHYSICAL DESCRIPTION
Number of Pages 675
942 ## - ADDED ENTRY ELEMENTS (KOHA)
Koha item type Books
Holdings
Withdrawn status Lost status Collection code Permanent Location Current Location Shelving location Date acquired Full call number Accession Number Koha item type
    Urdu Literature MAJU MAJU   2019-09-12 891.439 1665 Urdu Literature

Powered by Koha